• 首页
  • 本馆介绍
  • 公告通知
  • 最新文献
  • 馆藏检索
  • 电子资源
  • 读者导购
  • 参考咨询
  • 我的图书馆
  • 登录
  • 详细信息显示
  • 放入我的书架
  • 预约/预借图书
  • 作者相关作品
  • 分类相关作品
  • 丛书相关作品
  • 出版社相关作品

书目信息

  • 表格格式
  • 工作单格式
  • 卡片格式
题名:
候气术
    
 
作者: 王玉民 著
分册:  
出版信息: 郑州   中州古籍出版社  2016.10
页数: 180页
开本: 23cm
丛书名: 华夏文库
单 册:
中图分类: P194.3
科图分类:
主题词: 古历法--研究--中国
电子资源:
ISBN: 978-7-5348-6572-5
000 00790oam2 2200265 450
001 308
005 20180921170146.69
010    @a978-7-5348-6572-5@dCNY30.00
100    @a20170215d2016 em y0chiy50 ea
101 0  @achi
102    @aCN@b410000
105    @aak az 000yy
200 1  @a候气术@9hou qi shu@e古人观念中天地人之纽带@f王玉民著
210    @a郑州@c中州古籍出版社@d2016.10
215    @a180页@c图@d23cm
225 2  @a华夏文库@i科技史书系
320    @a有书目(第180页)
461  0 @12001 @a华夏文库
462  0 @12001 @a科技史书系
517 1  @a古人观念中天地人之纽带@9gu ren guan nian zhong tian di ren zhi niu dai
606 0  @a古历法@x研究@y中国
690    @aP194.3@v5
701  0 @a王玉民@9wang yu min@4著
801  0 @aCN@b91MARC@c20170215
905    @aMuseLib@dP194.3@e238
    
    候气术:古人观念中天地人之纽带/王玉民著.-郑州:中州古籍出版社,2016.10
    180页:图;23cm.-(华夏文库.科技史书系)
    
    
    ISBN 978-7-5348-6572-5:CNY30.00
    
●
相关链接 在E读中查询图书 在五车中查询图书 在当当中查询图书 在豆瓣中查询图书


正题名:候气术     索取号:P194.3/238         预约/预借

序号 登录号 条形码 馆藏地/架位号 状态 备注
1 1119264   211192644   第二样本阅览室/ [索取号:P194.3/238] 在馆    
2 1119265   211192653   第三借阅区/ [索取号:P194.3/238] 在馆    
3 1119266   211192662   第三借阅区/ [索取号:P194.3/238] 在馆    
4 1119267   211192671   第三借阅区/ [索取号:P194.3/238] 在馆    
5 1119268   211192680   第三借阅区/ [索取号:P194.3/238] 在馆    
唐山师范学院图书馆 欢迎您!
大连网信软件有限公司© 版权所有